• 首页
  • 本馆介绍
  • 公告通知
  • 最新文献
  • 馆藏检索
  • 电子资源
  • 读者导购
  • 参考咨询
  • 我的图书馆
  • 登录
  • 详细信息显示
  • 放入我的书架
  • 预约/预借图书
  • 作者相关作品
  • 分类相关作品
  • 丛书相关作品
  • 出版社相关作品

书目信息

  • 表格格式
  • 工作单格式
  • 卡片格式
题名:
职业教育
    
 
作者: 仓内史郎 , 宫地诚哉 编
分册:  
出版信息: 天津   天津人民出版社  1981
页数: 272页
开本: 19cm
丛书名:
单 册:
中图分类: G710
科图分类:
主题词: 职业教育
电子资源:
ISBN:
000 00642nam0 2200241 45
001 0181009043
005 20060810171813.00
010    @dCNY0.55
091    @aCN@b7072.1186
100    @a19950404d1981 em y0chiy0121 ea
101 1  @achi@cjpn
102    @aCN@b120000
105    @ay z 000yy
200 10 @a职业教育@Azhi ye jiao yu@f(日)宫地诚哉, 仓内史郎编
210    @a天津@c天津人民出版社@d1981
215    @a272页@d19cm
606    @a职业教育
690    @aG710@v3
701  0 @a仓内史郎@Acang nei shi lang@4编
701  0 @a宫地诚哉@Agong di cheng zai@4编
801  2 @aCN@bNLC@c20060810
801  0 @aCN@bTSSF
905    @a10447@dG710@e13
    
    职业教育/(日)宫地诚哉, 仓内史郎编.-天津:天津人民出版社,1981
    272页;19cm
    
    
    ISBN :CNY0.55
    
●
相关链接 在E读中查询图书 在五车中查询图书 在当当中查询图书 在豆瓣中查询图书


正题名:职业教育     索取号:G710/13         预约/预借

序号 登录号 条形码 馆藏地/架位号 状态 备注
1 0448535   204485351   密集书库/ [索取号:G710/13] 在馆    
唐山师范学院图书馆 欢迎您!
大连网信软件有限公司© 版权所有